Biblioteca

Perspectivas narratológicas sobre Josué 2 (Registro nro. 67089)

Detalles MARC
000 -LÍDER
Campo fijo de descripción fija 01725nab a2200229 i 4500
001 - NÚMERO DE CONTROL
Campo de control 768714001
003 - IDENTIFICADOR DEL NÚMERO DE CONTROL
Campo de control CO-MdFUSB
005 - FECHA Y HORA DE LA ULTIMA TRANSACCIÓN
control field 20230411151515.0
008 - ELEMENTOS DE LONGITUD FIJA -- INFORMACIÓN GENERAL
Campo fijo de descripción fija -- Información general 211214b ck ||||| |||| 00| 0 spa d
022 ## - NÚMERO INTERNACIONAL NORMALIZADO PARA PUBLICACIONES SERIADAS
Número Internacional Normalizado para Publicaciones Seriadas 1014-9341
040 ## - FUENTE DE CATALOGACIÓN
Idioma de catalogación spa
Agencia Catalogadora CO-MdFUSB
Agencia que realiza la transcripción CO-MdFUSB
Agencia que realiza la modificación CO-MdFUSB
041 ## - CÓDIGO DE IDIOMA
Código de idioma para texto/pista de sonido o título separado spa
100 ## - ASIENTO PRINCIPAL--NOMBRE PERSONAL
Término relacionador Autor
Nombre personal Vásquez, Bernie,
245 ## - TÍTULO
Título Perspectivas narratológicas sobre Josué 2
Subtitulo (Primera de dos partes)
Mención de responsabilidad / Bernie Vásquez
300 ## - DESCRIPCIÓN FÍSICA
Extensión Número 46 (Enero - Junio, 2010), páginas 9-36
Dimensiones ; 23 cm
520 ## - NOTA DE RESUMEN, ETC.
Nota de sumario, etc. La narratología analiza cómo las narraciones funcionan literariamente. Enfoca sus análisis en los factores que configuran una narración: tiempo, espacio, personajes y trama. Para comprender cómo las narraciones, incluyendo las bíblicas, comunican su mensaje, se debe leerlos narratológicamente, como se ilustra desde Josué 2. La temporalización incluye la velocidad narrativa (escena, elipsis, resumen, analepsis, prolepsis y pausa), la cuantificación habitual del tiempo y las circunstancias de actualidad, posterioridad, simultaneidad, anticipación y coordinación. Tres elementos importantes de la espacialización son los modelos binarios lógico-lingüísticos y taxonómicos, la semiótica del espacio y la iconización. los personajes por su función se clasifican en extradiegéticos y narradores. el análisis de la trama y un glosario se presentarán en la segunda parte del articulo.
630 07 - PUNTO DE ACCESO ADICIONAL DE MATERIA - TÍTULO UNIFORME
Título uniforme Biblia.
Subdivisión de materia general Crítica, interpretación, etc.
Parte o sección de la obra Josué
650 #7 - ASIENTO SECUNDARIO DE MATERIA - TERMINO TEMÁTICO
9 (RLIN) 484
Término temático o nombre geográfico como elemento de entrada Estructuralismo (Análisis literario)
690 ## - CAMPO LOCAL DE ACCESO TEMÁTICO
Término temático o nombre geográfico como elemento de entrada Biblia
773 0# - ASIENTO DE ITEM FUENTE
Biblionumber 49489
Itemnumber 79998
Otro identificador del ítem R2080
Título Kairós
Número de control del registro (CO-MdFUSB)768714001
Número Internacional Normalizado para Publicaciones Seriadas (ISSN) 10149341
Parte(s) relacionada(s) / Volumen., número. (mes año), páginas Número 46 (Enero - Junio, 2010), páginas 9-36
Enumeración y primera página Pág. 9
942 ## - TIPO DE MATERIAL (KOHA)
Tipo de Item KOHA Artículos de Revista

No hay ítems disponibles.

Biblioteca FUSBC | Teléfono: (57+4) 349 88 10 Ext. 141| WhatsApp (+57) 3005338115 
E-mail: biblioteca@unisbc.edu.co | Calle 76 87-14 Robledo Palenque, Medellín, Colombia

Con tecnología Koha